Slovakia and the UN Millenium development goals

United Nations Millenium Declaration - Millenium development goals (MDG) prijatá v roku 2000 189 členskými štátmi Spojených národov. Príspevok Slovenska. Teritóriá slovenskej pomoci a MDG. Sektory slovenskej pomoci a MDG.

Saved in:
Bibliographic Details
Main Author: Balážová, Daniela
Format: Book Chapter
Language:English
Subjects:
Tags: Add Tag
No Tags, Be the first to tag this record!

MARC

LEADER 00000naa a2200000 4500
001 0122921
005 20231009114212.0
041 0 |a eng 
044 |a SK 
245 1 0 |a Slovakia and the UN Millenium development goals  |c Daniela Balážová 
520 |a United Nations Millenium Declaration - Millenium development goals (MDG) prijatá v roku 2000 189 členskými štátmi Spojených národov. Príspevok Slovenska. Teritóriá slovenskej pomoci a MDG. Sektory slovenskej pomoci a MDG. 
610 2 0 |a pomoc rozvojová 
610 2 0 |a organizácie medzinárodné 
610 2 0 |a deklarácia 
610 2 0 |a Slovensko 
610 2 0 |a Organizácia spojených národov 
100 1 |a Balážová, Daniela